00541nam a2200157Ia 4500008004000000082001600040100003500056245003600091260003900127300001200166650005100178690001400229906001000243999001700253952011300270210210b1981 xxu||||| |||| 00| 0 eng d a343.07 DASG aDASGUPTA (A) & SENGUPTA (N K). aGovernment & business in India. aCalcuttabAllied book agencyc1981 axii,411 aGovernment & business Business & Government  aPublic La a03668 c86964d86964 001040708LawaALbALcLawd2021-02-17g35.00l0o343.07 DASGp036685r2021-02-17 00:00:00w2021-02-17yBK